000 00359nam a2200145 a 4500
008 970417s1969||||xx 0 und c
040 _aSNK
_bslo
_cSNK
_eAACR2
100 1 _aMauriac, François
245 1 0 _aBozk malomocnému
260 _aBratislava
_bSlovenský spisovateľ
_c1969
300 _a133 s.
020 _c24,70
041 _aslo
044 _axo
_cSK
999 _c12189
_d12189